Personnalités représentées sur le tramway de Besançon - Statistiques

Statistiques générales
  • Ce quiz a été pris 24 fois
  • Le résultat moyen est 4 sur 19
Statistiques - réponses
Métier Personnalité % Correct
Auteur Victor Hugo
82%
Scientifique Louis Pasteur
59%
Ingénieurs/Inventeurs Frères Lumières
55%
Peintre Gustave Courbet
41%
Philosophe Pierre-Joseph Proudhon
36%
Autrice Colette
27%
Scientifique Marie Curie
27%
Architecte Vauban
23%
Ingénieur/Inventeur Jouffroy d'Abbans
18%
Écrivaine féministe Jenny d'Héricourt
14%
Auteur Louis Pergaud
14%
Philosophe Charles Fourier
9%
Architecte Claude-Nicolas Ledoux
9%
Écrivain Claude Joseph Rouget de Lisle
5%
Religieuse Jeanne-Antide Thouret
5%
Noble Nicole de Granvelle
5%
Résistant Henri Fertet
0%
Homme politique Léonel de Moustier
0%
Général Toussaint Louverture
0%
Aucun quiz correspondant
Distribution des résultats
% des personnes avec chaque résultat
Percentile par nombre de réponses
Votre historique - résultats
Vous n’avez pas pris ce quiz